000 00442nam a22001817a 4500
003 MPLRDC
005 20220104152456.0
008 210129b ||||| |||| 00| 0 eng d
082 _a857.37 QB v.2
100 _a钱泳撰
245 _a履园从话. 下
_c
250 _a初版
260 _a
_b中华书局
_c1979
300 _b
490 _a清代诗料笔记从刊
650 _a小说--笔记; 琐语
942 _cBK
_o857.37 QB v.2
999 _c52922
_d52912